000
nam a22 7a 4500
999
_c
233492
_d
233492
003
Nust
005
20170308113458.0
008
170308b xxu||||| |||| 00| 0 eng d
020
_a
81-239-0826-1
040
_c
DLC
082
_a
628.501 BHA
100
_a
Bhatia, S. C.
245
_a
Environmental Chemistry
942
_2
ddc
_c
BK